| 000 | 01391cam a22003134a 4500 | ||
|---|---|---|---|
| 001 | 14847170 | ||
| 005 | 20080625120101.0 | ||
| 008 | 070511s2007 waua 001 0 eng | ||
| 010 | _a 2007928771 | ||
| 020 | _a9780735623941 (perfect bound) | ||
| 020 | _a0735623945 (perfect bound) | ||
| 040 |
_aDLC _cDLC _dDLC |
||
| 050 | 0 | 0 |
_aQA76.76.A63 _bP48 2007 |
| 082 | 0 | 0 |
_a005.2768 _222 _bPET |
| 100 | 1 |
_aPetzold, Charles. _96947 |
|
| 245 | 1 | 0 |
_a3D programming for Windows : _bThree-dimensional graphics programming fo the Windows presentation foundation / _cCharles Petzold. |
| 260 |
_aRedmond, WA : _bMicrosoft Press, _c2007. |
||
| 300 |
_axv, 430 p. : _bill. ; _c23 cm. |
||
| 500 | _aIncludes index. | ||
| 630 | 0 | 0 |
_aMicrosoft Windows (Computer file) _96948 |
| 630 | 0 | 0 |
_aWindows presentation foundation. _96949 |
| 650 | 0 |
_aApplication program interfaces (Computer software) _96950 |
|
| 650 | 0 |
_aMicrosoft .NET Framework. _96951 |
|
| 650 | 0 |
_aThree-dimensional display systems. _96952 |
|
| 856 | 4 | 1 |
_3Table of contents _uhttp://www.loc.gov/catdir/toc/fy0802/2007928771.html |
| 942 |
_2ddc _cBB |
||
| 999 |
_c12036 _d12036 |
||